00538nam a2200181Ia 4500008004100000020001100041040001900052041001200071082002300083100002300106245006600129260002500195300002600220504005000246650002800296651001400324850001800338131103s9999 xx 000 0 und d cRs. 20 aLoreto College aEnglish a306/NYEbLCBkB/544 aNye, Russel Blaine aSociety and culture in America 1830 - 1860cRussel Blaine Nye aBombaybAlliedc1974 axiv,432 p. c 20 2cm. aIncludes bibliographical references and index aCulture and Institution aSociology aLCBkB/306/NYE